01190nabaa22002297a 4500999001500000003000400015005001700019008004100036040000700077100003300084245018500117300001100302500003700313505012400350505015100474505008900625650003200714650004600746650003500792773012000827942001300947 c6186d6186OSt20260125004918.0190701b xxu||||| |||| 00| 0 spa d cPJ 96927aSundblad, Juan José 10aAcerca de los sujetos obligados de la ley 27.275 de acceso a la información pública :b¿se limitan sus obligaciones a la entrega de la información? /cJuan José Sundblad.  ap. 169 aCita: TR LALEY AR/DOC/1645/2024  a Sumario: I. Introducción.— II. Antecedentes fácticos.— III. Análisis de la cuestión.— IV. Conclusión.  aFallo comentado: CNFed. Contenciosoadministrativo ~ sala V, 24/10/2023 ~ Rodríguez, Gonzalo Martín c. INDEC (ley 17.622) s/ amparo ley 16.986. t¿Te interesa el texto completo? Comunicate al correo: koha@justierradelfuego.gov.ar 09211aDERECHO ADMINISTRATIVO 0aACCESO A LA INFORMACIÓN PÚBLICA95529 0aJURISPRUDENCIA APLICABLE910570 0284293251dBuenos Aires : AbeledoPerrot, 2012-oDA121tDerecho administrativo. Nº 154 julio/agosto 2024z18510590 2udccANA